• 首页
  • 本馆介绍
  • 公告通知
  • 最新文献
  • 馆藏检索
  • 电子资源
  • 读者导购
  • 参考咨询
  • 我的图书馆
  • 登录
  • 详细信息显示
  • 放入我的书架
  • 预约/预借图书
  • 作者相关作品
  • 分类相关作品
  • 丛书相关作品
  • 出版社相关作品

书目信息

  • 表格格式
  • 工作单格式
  • 卡片格式
题名:
数字逻辑
    
 
作者: 张辉宜 , 丁刚 主编
分册:  
出版信息: 合肥   中国科学技术大学出版社  2010.05
页数: 330页
开本: 26cm
丛书名:
单 册:
中图分类: TP331.2
科图分类:
主题词: 数字逻辑--shu zi luo ji--高等学校--教材
电子资源:
ISBN: 978-7-312-02604-1
000 00986nam0 2200265 450
001 2371027588
005 20231125194410.56
010    @a978-7-312-02604-1@dCNY46.00
100    @a20200402d2010 em y0chiy50 ea
101 0  @achi
102    @aCN@b340000
105    @aak a 000yy
200 1  @a数字逻辑@Ashu zi luo ji@f主编张辉宜, 丁刚
205    @a第2版
210    @a合肥@c中国科学技术大学出版社@d2010.05
215    @a330页@c图@d26cm
320    @a有书目 (第330页)
330    @a本书系统阐述了数字系统的基本概念、数制和码制、逻辑代数基础、逻辑函数的建立和化简、基本门电路、组合逻辑电路的分析与设计、触发器、时序逻辑电路的分析与设计、常用中规模逻辑器件的应用、PLD逻辑器件、在系统编程技术和数字系统设计方法。
333    @a安徽省高等学校“十一五”省极规划教材
606 0  @a数字逻辑@Ashu zi luo ji@x高等学校@j教材
690    @aTP331.2@v5
701  0 @a张辉宜@Azhang hui yi@4主编
701  0 @a丁刚@Ading gang@4主编
801  0 @aCN@b人天书店@c20200402
905    @aBZT@dTP331.2@e4=2
    
    数字逻辑/主编张辉宜, 丁刚.-第2版.-合肥:中国科学技术大学出版社,2010.05
    330页:图;26cm
    使用对象:安徽省高等学校“十一五”省极规划教材
    
    ISBN 978-7-312-02604-1:CNY46.00
    本书系统阐述了数字系统的基本概念、数制和码制、逻辑代数基础、逻辑函数的建立和化简、基本门电路、组合逻辑电路的分析与设计、触发器、时序逻辑电路的分析与设计、常用中规模逻辑器件的应用、PLD逻辑器件、在系统编程技术和数字系统设计方法。
●
相关链接 在五车中查询图书 在当当中查询图书 在豆瓣中查询图书


正题名:数字逻辑     索取号:TP331.2/4=2         预约/预借

序号 登录号 条形码 馆藏地/架位号 状态 备注
1 2001094206   2001094206   东辅楼二楼书库/ [索取号:TP331.2/4=2] 在馆    
2 2001094207   2001094207   东辅楼二楼书库/ [索取号:TP331.2/4=2] 在馆    
3 2001094208   2001094208   东辅楼二楼书库/ [索取号:TP331.2/4=2] 在馆    
4 2001094209   2001094209   东辅楼二楼书库/ [索取号:TP331.2/4=2] 在馆    
5 2001094210   2001094210   东辅楼二楼书库/ [索取号:TP331.2/4=2] 在馆    
6 2001094211   2001094211   东辅楼二楼书库/ [索取号:TP331.2/4=2] 在馆    
7 2001094212   2001094212   东辅楼二楼书库/ [索取号:TP331.2/4=2] 在馆    
8 2001094213   2001094213   东辅楼二楼书库/ [索取号:TP331.2/4=2] 在馆    
9 2001094214   2001094214   东辅楼二楼书库/ [索取号:TP331.2/4=2] 在馆    
10 2001094215   2001094215   东辅楼二楼书库/ [索取号:TP331.2/4=2] 在馆    
11 2001094216   2001094216   东辅楼二楼书库/ [索取号:TP331.2/4=2] 在馆    
12 2001094217   2001094217   东辅楼二楼书库/ [索取号:TP331.2/4=2] 在馆    
13 2001094218   2001094218   东辅楼二楼书库/ [索取号:TP331.2/4=2] 在馆    
14 2001094219   2001094219   东辅楼二楼书库/ [索取号:TP331.2/4=2] 在馆    
15 2001094220   2001094220   东辅楼二楼书库/ [索取号:TP331.2/4=2] 在馆    
16 2001094221   2001094221   东辅楼二楼书库/ [索取号:TP331.2/4=2] 在馆    
17 2001094222   2001094222   东辅楼二楼书库/ [索取号:TP331.2/4=2] 在馆    
18 2001094223   2001094223   东辅楼二楼书库/ [索取号:TP331.2/4=2] 在馆    
19 2001094224   2001094224   东辅楼二楼书库/ [索取号:TP331.2/4=2] 在馆    
20 2001094225   2001094225   东辅楼二楼书库/ [索取号:TP331.2/4=2] 在馆    
21 2001094226   2001094226   东辅楼二楼书库/ [索取号:TP331.2/4=2] 在馆    
22 2001094227   2001094227   东辅楼二楼书库/ [索取号:TP331.2/4=2] 在馆    
23 2001094228   2001094228   东辅楼二楼书库/ [索取号:TP331.2/4=2] 在馆    
24 2001094229   2001094229   东辅楼二楼书库/ [索取号:TP331.2/4=2] 在馆    
25 2001094230   2001094230   东辅楼二楼书库/ [索取号:TP331.2/4=2] 在馆    
26 2001094231   2001094231   东辅楼二楼书库/ [索取号:TP331.2/4=2] 在馆    
27 2001094232   2001094232   东辅楼二楼书库/ [索取号:TP331.2/4=2] 在馆    
28 2001094233   2001094233   东辅楼二楼书库/ [索取号:TP331.2/4=2] 在馆    
29 2001094234   2001094234   东辅楼二楼书库/ [索取号:TP331.2/4=2] 在馆    
30 2001094235   2001094235   东辅楼二楼书库/ [索取号:TP331.2/4=2] 在馆    
山东省滨州职业学院图书馆 欢迎您!
大连网信软件有限公司© 版权所有